000
00209 a2200097 4500
001
6560
100
_a
Funderburk, T.R
245
_a
The Early birds of war
260
_a
_b
Barker L.T.D
_c
090
_c
5415
_d
5415
942
_a
NUST-CAE
_c
M
_c
31840
999
_c
241633
_d
241633